000
00297nam a2200133Ia 4500
005
20251222155112.0
008
251222s9999||||xx |||||||||||||| ||spa||
082
_a
ING. 03
100
_a
AUSTIN, David.
245
0
_a
English For Nurses
250
_a
1ra. ed.
264
_b
Lenyman
942
_c
LIB
999
_c
38079
_d
38079